| 000 | 01122cam a2200313 i 4500 | ||
|---|---|---|---|
| 001 | 3325 | ||
| 003 | BD-RjUL | ||
| 005 | 20211208233718.0 | ||
| 008 | 131218s1976 ne b 101 0 eng | ||
| 020 | _a0444110275 (American Elsevier) | ||
| 035 | _a(BD-RjUL)3359 | ||
| 040 |
_aDLC _cDLC _dDLC _dBD-RjUL _beng |
||
| 041 | _aeng | ||
| 082 | 0 | 0 |
_a336.278 _bTAX 1976 |
| 245 | 0 | 0 |
_aTaxing the brain drain / _cedited by Jagdish N. Bhagwati and Martin Partington. |
| 260 |
_aAmsterdam : _bNorth Holland Pub. Co. : _aNew York : _bsole distributor for U.S.A. and Canada, American Elsevier Pub. Co., _cc1976. |
||
| 300 |
_a222 p. ; _c25 cm. |
||
| 490 | _vv-2 | ||
| 504 | _aIncludes bibliographies and indexes. | ||
| 505 | 0 | _a1. A proposal.--2. Theory and empirical analysis. | |
| 650 | 0 |
_aBrain drain _xTaxation _xCongresses. _910463 |
|
| 700 | 1 |
_aBhagwati, Jagdish N., _d1934- _910464 |
|
| 700 | 1 |
_aPartington, Martin. _910465 |
|
| 711 | 2 |
_aBellagio Conference on the Brain Drain and Income Taxation, _d1975. _910467 |
|
| 740 | 0 | _aBrain drain and taxation. | |
| 942 |
_2ddc _cBK |
||
| 999 |
_c3325 _d3325 |
||